Sports Quiz

Random Sports Quiz

Complete the Card: Chi-Town Rumble Quiz Stats

 Plays Quiz not verified by Sporcle

Challenge
Share
Tweet
Embed
Score 0/20 Timer 05:00
0 Plays Today
% Correct
Ric Flair
97.7%
Bobby Eaton
93.2%
Lex Luger
93.2%
Sting
90.9%
Stan Lane
88.6%
Rick Steiner
84.1%
Hawk
84.1%
Animal
84.1%
Kevin Sullivan
81.8%
Ricky Steamboat
81.8%
% Correct
Michael Hayes
77.3%
Mike Rotunda
72.7%
Barry Windham
72.7%
Steve Williams
72.7%
Jim Cornette
68.2%
Randy Rose
61.4%
Paul E. Dangerously
56.8%
Butch Reed
52.3%
Jack Victory
50%
Russian Assassin #1
25%

You're not logged in!

Compare scores with friends on all Sporcle quizzes.
OR
Log In

You Might Also Like...

Show Comments

Extras

Created Feb 1, 2014ReportNominate
Tags:complete, rumble

Top Quizzes Today


Score Distribution

Your Account Isn't Verified!

In order to create a playlist on Sporcle, you need to verify the email address you used during registration. Go to your Sporcle Settings to finish the process.

Report this User

Report this user for behavior that violates our Community Guidelines.

Details: